LEADER 01104nam1-2200385---450- 001 990001334070203316 005 20040107112832.0 035 $a000133407 035 $aUSA01000133407 035 $a(ALEPH)000133407USA01 035 $a000133407 100 $a20040107d1958----km-y0itay0103----ba 101 0 $afre 102 $aFR 105 $a||||||||001yy 200 1 $aAux sources de la dramaturgie moderne$ele théatre libre d'Antoine$fFrancis Prunes 210 $aParis$cLettres modernes$d1958 215 $av.$d18 cm 410 0$12001 454 1$12001 461 1$1001-------$12001 600 $aAntoine, Léonard-André 676 $a842.9 700 1$aPRUNER,$bFrancis$0449175 801 0$aIT$bsalbc$gISBD 912 $a990001334070203316 951 $aII F B 363$bL.M.$cII F 959 $aBK 969 $aUMA 979 $aSIAV1$b10$c20040107$lUSA01$h1126 979 $aSIAV1$b10$c20040107$lUSA01$h1128 979 $aSIAV1$b10$c20040107$lUSA01$h1128 979 $aPATRY$b90$c20040406$lUSA01$h1734 996 $aAux sources de la dramaturgie moderne$9927742 997 $aUNISA LEADER 01182nam0-2200373li-450 001 990000245360203316 005 20180312154818.0 010 $a0-89603-010-5 035 $a0024536 035 $aUSA010024536 035 $a(ALEPH)000024536USA01 035 $a0024536 100 $a2001994071981-------y0itay0103----ba 101 0 $aeng 102 $aUS 200 1 $aCarbon-13 NMR spectral problems$fRobert B. Bates and William A. Beavers 210 $aClifton (N. J.)$cThe Humana Press$dcopyr. 1981 215 $aXIX, 259 p.$cill.$d21 x 21 cm 610 1 $aspettroscopia a risonanza magnetica nucleare 676 $a5430877 700 1$aBates,$bRobert B.$0119357 702 1$aBeavers,$bWilliam A. 801 $aSistema bibliotecario di Ateneo dell' Università di Salerno$gRICA 912 $a990000245360203316 951 $a543.087 7 BAT$b16009/CBS$c543.087 7$d00222324 959 $aBK 969 $aSCI 979 $c19940711 979 $c20001110$lUSA01$h1715 979 $c20020403$lUSA01$h1632 979 $aPATRY$b90$c20040406$lUSA01$h1618 979 $aRSIAV6$b90$c20090706$lUSA01$h1239 996 $aCarbon-13 NMR spectral problems$91502337 997 $aUNISA